| 000 | 00441nam a22001697a 4500 | ||
|---|---|---|---|
| 005 | 20260311181326.0 | ||
| 008 | 260311b |||||||| |||| 00| 0 eng d | ||
| 020 | _a978-81-212-1839-9 | ||
| 041 | _aeng | ||
| 082 | _a305.800 954 ROY-O | ||
| 100 |
_aROY, SARAT CHANDRA _98905 |
||
| 245 | _aTHE ORAONS OF CHOTA NAGPUR | ||
| 260 |
_aDELHI _bGYAN PUBLISHING HOUSE |
||
| 300 | _a491;P | ||
| 650 |
_aBHARTIYA GYAN PARAMPARA _98906 |
||
| 942 | _cBK | ||
| 999 |
_c9099 _d9097 |
||